|
|
|
|
| LEADER |
00000nam a2200000 a 4500 |
| 001 |
vtls011867077 |
| 003 |
SK-MaSNL |
| 005 |
20260302022355.0 |
| 008 |
200609s1895 xxua g 000 0 slo |
| 015 |
|
|
|a SNBHFA1895
|
| 020 |
|
|
|q (viaz.)
|
| 035 |
|
|
|a urn:nbn:sk:snk-am00dd2c
|
| 035 |
|
|
|a urn:nbn:sk:snk-am3hy20
|
| 035 |
|
|
|a 6A1BDCDE-6F98-4F96-A444-45407D26D091
|
| 040 |
|
|
|a SNKHF
|b slo
|c SNK
|e AACR2
|
| 041 |
0 |
|
|a slo
|a eng
|
| 044 |
|
|
|a xxu
|c US
|
| 072 |
|
7 |
|a 2
|x Náboženstvo
|2 konspekt
|
| 080 |
|
|
|a 2-722.53
|2 2011
|
| 130 |
0 |
|
|a Stanovy
|9 302649
|
| 245 |
1 |
0 |
|a Stanovy Spolku rímsko-katolíckych Slovenských Kňazov, pod ochranou Cyrila a Metoda
|b Založený dňa 30. januára 1895, Vo Philadelphii, Pa.
|
| 260 |
|
|
|a Cleveland, O.
|b Tlač F. J. Svoboda, 1608 Brodway
|c 1895
|
| 300 |
|
|
|a 15 strán
|c 13 cm
|
| 500 |
|
|
|a Titulný list v ozdobnom rámčeku, ilustrácie
|
| 546 |
|
|
|a Text slovenský a anglický
|b antikva
|
| 562 |
|
|
|a Na ostatnom liste knižného bloku rukopisná poznámka: To bolo zpočiatku dobré - pozdejšie "bussines‟- a teraz už nejestvuje. Základ mal sebecký - nie vieru že sa rozpadnul!
|5 SNK SE 369/2
|
| 610 |
2 |
7 |
|a Rímskokatolícka cirkev
|2 SNKKA
|9 32394
|
| 650 |
0 |
7 |
|a spolky
|2 SNKPH
|9 4725
|
| 650 |
0 |
7 |
|a stanovy
|2 SNKPH
|9 28030
|
| 650 |
0 |
7 |
|a kňazi
|2 SNKPH
|9 28986
|
| 700 |
1 |
|
|a Januschek, F.
|4 cns
|9 667807
|
| 700 |
1 |
|
|a Vlossak, Francis
|4 cns
|9 667808
|
| 700 |
1 |
|
|a Wider, R.
|4 cns
|9 667809
|
| 700 |
1 |
|
|a Stas, Jan E.
|4 cns
|9 667810
|
| 710 |
0 |
|
|a Svoboda, Frank Joseph (Cleveland, Spojené štáty americké)
|4 prt
|9 667811
|
| 752 |
|
|
|a Spojené štáty americké
|d Cleveland
|
| 852 |
|
|
|a snk
|p SE 369/2
|
| 958 |
|
|
|a ONDV
|
| 999 |
|
|
|c 1032513
|d 1034443
|
| 952 |
|
|
|a SNK
|b SNK
|y PREZ
|7 0
|p 17A0731642
|o snkSE 369/2
|i snk1032/30
|0 0
|1 0
|4 0
|d 2019-05-22
|f 1
|l 0
|r 2026-02-24 13:58:53
|w 2026-02-24
|